Регионална библиотека "Любен Каравелов" - Русе

Културният туризъм (Запис номер 100686)

MARC детайли
000 -Лидер
Контролно поле с фиксирана дължина 01819nam a2200385 c 4500
003 - Код на организацията, давaща контролен номер
Контролно поле BLK
005 - Дата и час на последна редакция
Контролно поле 20240124165100.0
008 - Елементи от данни с фиксирана дължина
fixed length control field 180409b bul|||||r ||||||| ||bul||
010 ## - Наследен системен номер
LC control number KNG00105711000
020 ## - Международен стандартен номер на книга ISBN
Международен стандартен номер на книга ISBN 954-494-457-5
-- издат.: Унив. изд. Стопанство
040 ## - Източник на каталожния запис
Идентификатор на билиотеката - собственик на записа BLK
041 ## - Код за език
Код за езика на текст/звукозапис или на отделно заглавие Български
Код за езика КДБФ Български
080 ## - УДК
Текстов определител УДК Туризмът от стопанско гледище. Политика по отношение на туризма. Икономика и организация на туризма. Вътрешен и международен туризъм. Вж и 379.8
УДК код - определител по УДК 338.48
УДК определител :379.822
УДК - код + определител 338.48:379.822
100 1# - Редна дума - Автор
Автор Костов, Енчо Костов
Авторска отговорност първи автор
R(LIN) 368260
139 ## - Редно поле
Редна дума Костов, Енчо Костов
Авторски знак Кос - К 86
245 10 - Сведения за заглавието
Заглавие Културният туризъм
Редно поле (дума) Енчо Костов Костов.
257 ## - Страна на издаване
Страна на създаване/издаване България
260 ## - Област на издателските данни
-- София
Име на издателя, разпространителя и проч. Унив. изд. Стопанство
Година на издаване 2001
300 ## - Физическа характеристика
Страници 164 с.
Илюстрации и др. с табл.
Размери/Мащаб 24 см
380 ## - Жанр
Жанр Обществени науки
500 ## - Общи забележки
Забележка Изд. на УНСС. - Библиогр. 160-161.
504 ## - Забележка за наличие на библиография и др
Забележка за наличие на библиография и под. 160-161
650 #4 - Допълнително описание по предмет – тема
Основно описание – тема или топоним Стопански туризъм - икономика и организация
9 (RLIN) 257289
650 #4 - Допълнително описание по предмет – тема
Основно описание – тема или топоним Туризъм, международен - икономика и организация
9 (RLIN) 248420
650 #4 - Допълнително описание по предмет – тема
Основно описание – тема или топоним Туристически обекти - с културно-религиозен характер
9 (RLIN) 308539
653 ## - Ключова дума – ненормативна
Ключова дума туризъм
653 ## - Ключова дума – ненормативна
Ключова дума туристически забележителности
653 ## - Ключова дума – ненормативна
Ключова дума културен туризъм
852 ## - Местоположение
Форматна сигнатура Цб 214606
856 4# - Електронен адрес и достъп
Електронен формат pdf - файл
Път до файла /url/
856 4# - Електронен адрес и достъп
Електронен формат pdf - файл
Път до файла /url/
942 ## - АРТИКУЛИ
Вид на библиотечния материал Книги
Скрит в OPAC Не
Koha issues (borrowed), all copies 2
944 ## - СЪЗДАВАНЕ И РЕДАКЦИЯ на ЗАПИСА
Създаване/Редакция Създаване
Дата на регистрацията/редакция 01.01.2001
Служител, извършил регистрацията/редакцията 30531
Статус, дата на статуса Цветелина Шанова
944 ## - СЪЗДАВАНЕ И РЕДАКЦИЯ на ЗАПИСА
Създаване/Редакция Редакция
Дата на регистрацията/редакция 20.07.2016
Служител, извършил регистрацията/редакцията Геновева_Генчева
999 ## - СИСТЕМНИ КОНТРОЛНИ НОМЕРА
Koha biblionumber 100686
Koha biblioitemnumber 100686
Наличности
Код за отписване Код за изгубен артикул Код за повреда Коз за рестрикции Код за отдаване Артикулен № Име на библиотеката - собственик Име на библиотеката, в която се намира в момента Статус (Текущо местоположение) Дата на вписване в системата Местоположение - отдел Цена в лева Инвентарен номер Систематично азбучна сигнатура Баркод Номер на екземпляра Цена в евро Служебна бележка Служебен тип на артикула Източник на класификационната схема
  Не е изгубен Не е повреден без рестрикции ползва се в читалня 162055 Регионална библиотека "Любен Каравелов" Русе Регионална библиотека "Любен Каравелов" Русе Хранилище 2003-04-11 Хранилище 0.00 120000675733 Цб 214606 120000675733 1 0.00 Дост: Dp Вид: Д N: 25 Дата: 10.06.2002 Книги  
  Не е изгубен Не е повреден без рестрикции ползва се в читалня 162056 Регионална библиотека "Любен Каравелов" Русе Регионална библиотека "Любен Каравелов" Русе Читалня 2005-04-12 Читалня 8.00 120000693136 Ч 338/К 86 120000693136 2 4.09 Дост: Pk Вид: Ф N: 29410 Дата: 11.04.2005 Дата инв: 23.03.2017 Бележки инв: Ч2017 Книги  
  Не е изгубен Не е повреден без рестрикции заемане за дома 162057 Регионална библиотека "Любен Каравелов" Русе Регионална библиотека "Любен Каравелов" Русе Заемна - подръчен фонд 2016-05-31 Заемна - подръчен фонд 8.00 120000800465 П 338.4/К 86 120000800465 3 4.09 Дост: Pk Вид: Ф N: 2051 Дата: 26.05.2016 Дата инв: 05.02.2018 Бележки инв: П2018 Книги  
  Не е изгубен Не е повреден   заемане за дома 687814 Регионална библиотека "Любен Каравелов" Русе Регионална библиотека "Любен Каравелов" Русе Заемна - подръчен фонд 2019-01-02 Заемна - подръчен фонд 8.00   П 338.4/К 86 120000828587   4.09   Книги Universal Decimal Classification
Vip Innovations Ltd, Rousse, Bulgaria 2025